000
00301nam a22001337a 4500
008
171020b xxu||||| |||| 00| 0 eng d
020
_a
0070389489
041
_a
eng
080
_2
3RD
_a
338
100
_a
54
101
_a
MEN
245
_a
MANAGEMENT INFORMATION SYSTEMS
_c
LUCAS,H,C
942
_2
udc
_c
BK
999
_c
35053
_d
35053